Online Catalogue and eLibrary

Sri Lanka in crisis, 1977-88 : (Record no. 586)

MARC details
000 -LEADER
fixed length control field 00579nam a2200193 a 4500
001 - CONTROL NUMBER
control field 1084504
005 - DATE AND TIME OF LATEST TRANSACTION
control field 20240319050038.0
008 - FIXED-LENGTH DATA ELEMENTS--GENERAL INFORMATION
fixed length control field 920114s1991 ce b 001 0 eng
020 ## - INTERNATIONAL STANDARD BOOK NUMBER
ISBN 9559121014 :
040 ## - CATALOGING SOURCE (பட்டியலாக்க மூலம்)
Original cataloging agency DLC
Transcribing agency DLC
Modifying agency DLC
082 ## - DDC Classification
DDC Edition Number 22
Class No. 323.4.
Item Number - Author Mark SRI.
100 1# - MAIN ENTRY--PERSONAL NAME
Personal name Wijesinha, Rajiva.
245 10 - TITLE STATEMENT
Title Sri Lanka in crisis, 1977-88 :
Remainder of title J.R. Jayawardene and the erosion of democracy /
Statement of responsibility, etc. Rajiva Wijesinha.
260 ## - PUBLICATION, DISTRIBUTION, ETC.
Place of publication, distribution, etc. Colombo :
Name of publisher, distributor, etc. Council for Liberal Democracy,
Date of publication, distribution, etc. 1991.
300 ## - PHYSICAL DESCRIPTION
Extent (e.g. Volumes, Pages etc.) viii, 207 p. ;
500 ## - GENERAL NOTE
General note Includes index.
650 #0 - SUBJECT ADDED ENTRY--TOPICAL TERM
Topical term or geographic name entry element Tamil (Indic people)
942 ## - Koha item type (Biblio)
Koha item type Books in Stacks (Lending)
Holdings
Lost status Damaged status Collection code Home library Current library Date acquired Full call number Accession Number Item type
    Lending WERC Library WERC Library 03/19/2024 323.4. SRI. 1456 Books in Stacks (Lending)

© WERC Library